00523nam a22001337a 4500008004100000040005500041080002500096245013700121250001300258260004900271300001500320650002700335653002700362230418b |||||||| |||| 00| 0 eng d aNational Science LibrarycNational Science Library aR 341.16:61(026)bN3 aHandbook of resolutions and decisions of the world health assembly and the executive board c/World Health Organization, Vol. III  a3rd ed.  aGeneva: bWorld Health Organizaiton, c1993  axv, 270p.  aWorld health assembly  aTechnical cooperation